[Event "Russian Blitz Championship (m)"]
[Site "Sochi"]
[Date "2022.10.14"]
[Round "5.20"]
[White "Makarian, Rudik"]
[Black "Rodin, Dmitrij"]
[Result "0-1"]
[BlackElo "2242"]
[WhiteElo "2405"]
[LiveChessVersion "1.4.8"]

1. Nf3 {[%clk 0:03:03]} Nf6 {[%clk 0:03:03]} 2. c4 {[%clk 0:03:04]} e6
{[%clk 0:03:03]} 3. Nc3 {[%clk 0:03:05]} c5 {[%clk 0:03:04]} 4. g3
{[%clk 0:03:04]} b6 {[%clk 0:03:05]} 5. Bg2 {[%clk 0:03:05]} Bb7 {[%clk 0:03:06]}
6. O-O Be7 7. Re1 {[%clk 0:03:05]} d6 {[%clk 0:02:56]} 8. e4 {[%clk 0:03:00]} a6
{[%clk 0:02:56]} 9. d4 {[%clk 0:03:00]} cxd4 {[%clk 0:02:57]} 10. Nxd4
{[%clk 0:03:01]} Qc7 {[%clk 0:02:57]} 11. Be3 {[%clk 0:02:55]} Nbd7
{[%clk 0:02:58]} 12. Rc1 {[%clk 0:02:51]} Rc8 {[%clk 0:02:59]} 13. b3
{[%clk 0:02:48]} O-O {[%clk 0:02:59]} 14. g4 {[%clk 0:02:34]} g6 {[%clk 0:02:56]}
15. Bh6 {[%clk 0:02:24]} Rfe8 {[%clk 0:02:56]} 16. h3 {[%clk 0:02:06]} Qb8
{[%clk 0:02:34]} 17. Qd2 {[%clk 0:01:57]} Nc5 {[%clk 0:01:33]} 18. g5
{[%clk 0:01:39]} Nh5 {[%clk 0:01:31]} 19. Bf3 {[%clk 0:01:33]} Ng7
{[%clk 0:00:50]} 20. Bg4 {[%clk 0:01:35]} Bf8 {[%clk 0:00:38]} 21. h4
{[%clk 0:01:20]} Rcd8 {[%clk 0:00:38]} 22. b4 {[%clk 0:00:30]} Nd7
{[%clk 0:00:37]} 23. f4 {[%clk 0:00:31]} e5 {[%clk 0:00:37]} 24. Nf3
{[%clk 0:00:18]} exf4 {[%clk 0:00:26]} 25. Qxf4 {[%clk 0:00:16]} Ne5
{[%clk 0:00:26]} 26. Nd5 {[%clk 0:00:12]} Bxd5 {[%clk 0:00:25]} 27. cxd5
{[%clk 0:00:10]} Nxg4 {[%clk 0:00:22]} 28. Qxg4 {[%clk 0:00:11]} Rc8
{[%clk 0:00:22]} 29. Nd4 {[%clk 0:00:09]} Rxc1 {[%clk 0:00:16]} 30. Rxc1 b5 31.
Kg2 Qb6 0-1

[Event "Russian Blitz Championship (m)"]
[Site "Sochi"]
[Date "2022.10.14"]
[Round "6.1"]
[White "Artemiev, Vladislav"]
[Black "Pridorozhni, Aleksei"]
[Result "1/2-1/2"]
[BlackElo "2581"]
[WhiteElo "2832"]
[LiveChessVersion "1.4.8"]

1. d4 {[%clk 0:03:01]} d5 {[%clk 0:03:03]} 2. c4 {[%clk 0:03:02]} e6
{[%clk 0:03:04]} 3. Nc3 {[%clk 0:03:02]} Nf6 {[%clk 0:03:04]} 4. Bg5
{[%clk 0:03:01]} Be7 {[%clk 0:03:01]} 5. e3 {[%clk 0:03:02]} Ne4 {[%clk 0:02:57]}
6. Bxe7 {[%clk 0:02:55]} Qxe7 {[%clk 0:02:56]} 7. Rc1 {[%clk 0:02:32]} Nxc3
{[%clk 0:02:53]} 8. Rxc3 {[%clk 0:02:32]} O-O {[%clk 0:02:49]} 9. Nf3
{[%clk 0:02:32]} c6 {[%clk 0:02:39]} 10. Qc2 {[%clk 0:02:16]} Nd7
{[%clk 0:02:32]} 11. Be2 {[%clk 0:01:40]} dxc4 {[%clk 0:02:26]} 12. Rxc4
{[%clk 0:01:29]} e5 {[%clk 0:02:08]} 13. O-O {[%clk 0:01:29]} exd4
{[%clk 0:02:05]} 14. Nxd4 {[%clk 0:01:29]} Nf6 {[%clk 0:02:04]} 15. b4
{[%clk 0:01:20]} Bd7 {[%clk 0:01:54]} 16. h3 {[%clk 0:01:02]} a5 {[%clk 0:01:36]}
17. b5 {[%clk 0:00:48]} cxb5 {[%clk 0:01:29]} 18. Rc7 {[%clk 0:00:49]} Rfc8
{[%clk 0:01:26]} 19. Bxb5 {[%clk 0:00:45]} Qd8 {[%clk 0:01:25]} 20. Rc1
{[%clk 0:00:30]} Rxc7 {[%clk 0:01:00]} 21. Qxc7 {[%clk 0:00:30]} Bxb5
{[%clk 0:01:00]} 22. Nxb5 {[%clk 0:00:26]} h5 {[%clk 0:00:51]} 23. Nd6
{[%clk 0:00:24]} Qxc7 {[%clk 0:00:29]} 24. Rxc7 {[%clk 0:00:25]} b5
{[%clk 0:00:29]} 25. Nxb5 {[%clk 0:00:24]} Rd8 {[%clk 0:00:29]} 26. Nd4
{[%clk 0:00:23]} Rb8 {[%clk 0:00:29]} 27. Kf1 {[%clk 0:00:14]} Ne4
{[%clk 0:00:22]} 28. Rc2 {[%clk 0:00:13]} a4 {[%clk 0:00:14]} 29. Ke2
{[%clk 0:00:12]} a3 {[%clk 0:00:13]} 30. Kf3 {[%clk 0:00:13]} Ng5+
{[%clk 0:00:09]} 31. Kf4 {[%clk 0:00:14]} Ne6+ {[%clk 0:00:07]} 32. Nxe6
{[%clk 0:00:14]} fxe6 {[%clk 0:00:08]} 33. Ke4 {[%clk 0:00:10]} Kf7
{[%clk 0:00:09]} 34. f4 {[%clk 0:00:06]} h4 {[%clk 0:00:07]} 35. Kd3
{[%clk 0:00:06]} Kf6 {[%clk 0:00:07]} 36. e4 {[%clk 0:00:07]} g5 {[%clk 0:00:07]}
37. fxg5+ {[%clk 0:00:05]} Kxg5 {[%clk 0:00:08]} 38. Rc3 {[%clk 0:00:06]} Rb2
{[%clk 0:00:07]} 39. Rxa3 {[%clk 0:00:06]} Rxg2 {[%clk 0:00:08]} 40. Ra8
{[%clk 0:00:06]} Rg3+ {[%clk 0:00:07]} 41. Kd4 {[%clk 0:00:07]} Rxh3
{[%clk 0:00:08]} 42. Ke5 {[%clk 0:00:08]} Re3 {[%clk 0:00:08]} 43. Rg8+
{[%clk 0:00:08]} Kh5 {[%clk 0:00:08]} 44. Kxe6 {[%clk 0:00:08]} h3
{[%clk 0:00:09]} 45. Ke5 {[%clk 0:00:07]} Re2 {[%clk 0:00:08]} 46. Kf4
{[%clk 0:00:06]} Rxa2 {[%clk 0:00:08]} 47. Rh8+ {[%clk 0:00:06]} Kg6
{[%clk 0:00:09]} 48. Rxh3 {[%clk 0:00:06]} Ra5 {[%clk 0:00:10]} 49. Rb3
{[%clk 0:00:05]} Kf6 {[%clk 0:00:11]} 50. Rb6+ {[%clk 0:00:06]} Ke5+ 1/2-1/2

[Event "Russian Blitz Championship (m)"]
[Site "Sochi"]
[Date "2022.10.14"]
[Round "6.2"]
[White "Savchenko, Boris"]
[Black "Sjugirov, Sanan"]
[Result "0-1"]
[BlackElo "2609"]
[WhiteElo "2530"]
[LiveChessVersion "1.4.8"]

1. e4 {[%clk 0:03:02]} c5 {[%clk 0:03:03]} 2. Nf3 {[%clk 0:03:03]} e6
{[%clk 0:03:04]} 3. c3 {[%clk 0:03:03]} Nf6 {[%clk 0:03:03]} 4. e5
{[%clk 0:03:04]} Nd5 {[%clk 0:03:04]} 5. d4 {[%clk 0:03:05]} cxd4
{[%clk 0:03:04]} 6. cxd4 {[%clk 0:03:05]} d6 {[%clk 0:03:05]} 7. Bc4
{[%clk 0:03:05]} Be7 {[%clk 0:03:06]} 8. O-O {[%clk 0:03:04]} O-O
{[%clk 0:03:06]} 9. Qe2 {[%clk 0:03:03]} a6 {[%clk 0:03:07]} 10. Nc3
{[%clk 0:03:00]} dxe5 {[%clk 0:02:17]} 11. dxe5 {[%clk 0:03:00]} Nxc3
{[%clk 0:02:15]} 12. bxc3 {[%clk 0:03:00]} Qc7 {[%clk 0:01:37]} 13. h4
{[%clk 0:02:49]} b5 {[%clk 0:01:28]} 14. Bd3 {[%clk 0:02:49]} Bb7
{[%clk 0:01:27]} 15. Ng5 {[%clk 0:02:07]} Bxg5 {[%clk 0:01:21]} 16. hxg5
{[%clk 0:01:24]} Nd7 {[%clk 0:01:19]} 17. Bf4 {[%clk 0:01:21]} Rfd8
{[%clk 0:01:16]} 18. Rfd1 {[%clk 0:01:20]} Qc6 {[%clk 0:00:52]} 19. Qg4
{[%clk 0:01:04]} Nc5 {[%clk 0:00:45]} 20. Bc2 {[%clk 0:00:38]} Ne4
{[%clk 0:00:45]} 21. Rxd8+ {[%clk 0:00:29]} Rxd8 {[%clk 0:00:46]} 22. Rd1
{[%clk 0:00:25]} Rc8 {[%clk 0:00:31]} 23. Qf3 {[%clk 0:00:15]} Nxc3
{[%clk 0:00:18]} 24. Qxc6 {[%clk 0:00:14]} Bxc6 {[%clk 0:00:20]} 25. Rd2
{[%clk 0:00:15]} Nxa2 {[%clk 0:00:07]} 26. Bxh7+ {[%clk 0:00:15]} Kxh7
{[%clk 0:00:09]} 27. Rxa2 {[%clk 0:00:16]} Bb7 {[%clk 0:00:09]} 28. f3
{[%clk 0:00:15]} Kg6 {[%clk 0:00:10]} 29. Bd2 {[%clk 0:00:15]} Kf5
{[%clk 0:00:07]} 30. Ra3 {[%clk 0:00:15]} Kxe5 31. Bc3+ {[%clk 0:00:15]} Kf5
{[%clk 0:00:08]} 32. Bxg7 {[%clk 0:00:16]} Kxg5 {[%clk 0:00:09]} 33. Kf2
{[%clk 0:00:15]} f6 {[%clk 0:00:10]} 34. Rd3 {[%clk 0:00:14]} Bd5
{[%clk 0:00:10]} 35. Rd4 {[%clk 0:00:11]} Rc4 {[%clk 0:00:08]} 36. Rd2
{[%clk 0:00:11]} Rc8 {[%clk 0:00:08]} 37. Rd4 {[%clk 0:00:12]} Kg6
{[%clk 0:00:09]} 38. Rg4+ {[%clk 0:00:13]} Kf7 {[%clk 0:00:10]} 39. Bh6
{[%clk 0:00:14]} Rg8 {[%clk 0:00:09]} 40. Rb4 {[%clk 0:00:13]} e5
{[%clk 0:00:10]} 41. Rb2 {[%clk 0:00:12]} Ke6 {[%clk 0:00:11]} 42. Bd2
{[%clk 0:00:11]} Rc8 {[%clk 0:00:11]} 43. Ba5 {[%clk 0:00:11]} Rc4
{[%clk 0:00:12]} 44. Bb4 {[%clk 0:00:08]} f5 {[%clk 0:00:11]} 45. Ke3
{[%clk 0:00:09]} f4+ {[%clk 0:00:11]} 46. Ke2 {[%clk 0:00:10]} Kf5
{[%clk 0:00:13]} 47. Kf2 {[%clk 0:00:11]} e4 {[%clk 0:00:11]} 48. fxe4+
{[%clk 0:00:11]} Rxe4 {[%clk 0:00:12]} 49. Rb1 {[%clk 0:00:11]} Rc4
{[%clk 0:00:12]} 50. Rb2 {[%clk 0:00:12]} Be4 {[%clk 0:00:13]} 51. Bd2
{[%clk 0:00:13]} Rd4 {[%clk 0:00:14]} 52. Bc3 {[%clk 0:00:13]} Rd6
{[%clk 0:00:15]} 53. Ra2 {[%clk 0:00:14]} Rg6 {[%clk 0:00:16]} 54. Kf1
{[%clk 0:00:14]} Rc6 {[%clk 0:00:16]} 55. Bb4 {[%clk 0:00:14]} Kg4
{[%clk 0:00:16]} 56. Bd2 {[%clk 0:00:14]} Re6 {[%clk 0:00:14]} 57. Kf2
{[%clk 0:00:12]} Bd5 {[%clk 0:00:14]} 58. Rc2 {[%clk 0:00:12]} Bc4
{[%clk 0:00:15]} 59. Ba5 {[%clk 0:00:12]} Re3 {[%clk 0:00:14]} 60. Rb2
{[%clk 0:00:10]} Ra3 {[%clk 0:00:15]} 61. Bb4 {[%clk 0:00:11]} Ra4
{[%clk 0:00:15]} 62. Bd2 {[%clk 0:00:09]} a5 {[%clk 0:00:16]} 63. Rc2
{[%clk 0:00:10]} Ra3 {[%clk 0:00:15]} 64. Bc1 {[%clk 0:00:09]} Rb3
{[%clk 0:00:14]} 65. Rd2 {[%clk 0:00:09]} Bd3 {[%clk 0:00:16]} 66. Ke1
{[%clk 0:00:08]} b4 {[%clk 0:00:16]} 67. Rf2 {[%clk 0:00:09]} Rb1
{[%clk 0:00:15]} 68. Rxf4+ {[%clk 0:00:06]} Kg3 {[%clk 0:00:16]} 69. Rf3+
{[%clk 0:00:07]} Kxg2 {[%clk 0:00:17]} 70. Rxd3 {[%clk 0:00:08]} Rxc1+
{[%clk 0:00:18]} 71. Kd2 {[%clk 0:00:09]} Rc5 {[%clk 0:00:18]} 72. Rd6
{[%clk 0:00:04]} Kf3 {[%clk 0:00:18]} 73. Kd3 {[%clk 0:00:04]} b3
{[%clk 0:00:14]} 74. Rf6+ {[%clk 0:00:04]} Kg4 {[%clk 0:00:15]} 75. Ra6
{[%clk 0:00:05]} Rb5 {[%clk 0:00:14]} 76. Kc4 {[%clk 0:00:06]} Rb4+
{[%clk 0:00:14]} 77. Kd4 0-1

[Event "Russian Blitz Championship (m)"]
[Site "Sochi"]
[Date "2022.10.14"]
[Round "6.3"]
[White "Smirnov, Pavel"]
[Black "Timofeev, Artyom"]
[Result "1/2-1/2"]
[BlackElo "2579"]
[WhiteElo "2467"]
[LiveChessVersion "1.4.8"]

1. d4 {[%clk 0:03:03]} d5 {[%clk 0:03:01]} 2. c4 {[%clk 0:03:04]} e6
{[%clk 0:03:02]} 3. Nf3 {[%clk 0:03:04]} c6 {[%clk 0:03:02]} 4. g3
{[%clk 0:02:57]} dxc4 {[%clk 0:03:00]} 5. Bg2 {[%clk 0:02:58]} b5
{[%clk 0:03:00]} 6. O-O {[%clk 0:02:55]} Bb7 {[%clk 0:03:01]} 7. Ne5
{[%clk 0:02:50]} Qc8 {[%clk 0:02:53]} 8. b3 {[%clk 0:02:37]} cxb3
{[%clk 0:02:45]} 9. axb3 {[%clk 0:02:28]} Nd7 {[%clk 0:02:41]} 10. Nc3
{[%clk 0:02:22]} Ngf6 {[%clk 0:02:40]} 11. Bb2 {[%clk 0:02:18]} Be7
{[%clk 0:02:37]} 12. Rc1 {[%clk 0:02:10]} a6 {[%clk 0:02:14]} 13. Nd3
{[%clk 0:01:52]} c5 {[%clk 0:01:57]} 1/2-1/2

[Event "Russian Blitz Championship (m)"]
[Site "Sochi"]
[Date "2022.10.14"]
[Round "6.4"]
[White "Dobrov, Vladimir"]
[Black "Chigaev, Maksim"]
[Result "1-0"]
[BlackElo "2537"]
[WhiteElo "2575"]
[LiveChessVersion "1.4.8"]

1. Nf3 {[%clk 0:03:03]} Nf6 {[%clk 0:03:03]} 2. g3 {[%clk 0:03:04]} g6
{[%clk 0:03:03]} 3. b3 {[%clk 0:03:05]} d5 {[%clk 0:03:01]} 4. Bb2
{[%clk 0:03:05]} c5 {[%clk 0:03:03]} 5. Bg2 {[%clk 0:03:03]} h5 {[%clk 0:03:03]}
6. e3 {[%clk 0:02:55]} Nc6 {[%clk 0:02:58]} 7. d4 {[%clk 0:02:51]} cxd4
{[%clk 0:02:50]} 8. Nxd4 {[%clk 0:02:43]} h4 {[%clk 0:02:44]} 9. c4
{[%clk 0:02:29]} Bg4 {[%clk 0:02:19]} 10. Bf3 {[%clk 0:02:07]} Bxf3
{[%clk 0:02:11]} 11. Qxf3 {[%clk 0:02:07]} Ne5 {[%clk 0:01:49]} 12. Qe2
{[%clk 0:01:53]} hxg3 {[%clk 0:01:49]} 13. fxg3 {[%clk 0:01:45]} dxc4
{[%clk 0:01:50]} 14. bxc4 {[%clk 0:01:45]} Neg4 {[%clk 0:01:13]} 15. Nc3
{[%clk 0:01:39]} Bh6 {[%clk 0:01:04]} 16. O-O-O {[%clk 0:01:10]} Qa5
{[%clk 0:00:34]} 17. Nb3 {[%clk 0:01:02]} Qa6 {[%clk 0:00:26]} 18. Kb1
{[%clk 0:01:02]} O-O {[%clk 0:00:26]} 19. Nd5 {[%clk 0:00:31]} Nxd5
{[%clk 0:00:27]} 20. Rxd5 {[%clk 0:00:33]} Nxe3 {[%clk 0:00:08]} 21. Rb5
{[%clk 0:00:34]} Qc6 {[%clk 0:00:06]} 22. Rc1 {[%clk 0:00:29]} Qe4+
{[%clk 0:00:06]} 23. Ka1 {[%clk 0:00:31]} Qg4 {[%clk 0:00:04]} 24. Qxg4
{[%clk 0:00:28]} Nxg4 {[%clk 0:00:06]} 25. Re1 {[%clk 0:00:30]} b6
{[%clk 0:00:06]} 26. h3 {[%clk 0:00:26]} Nf2 {[%clk 0:00:06]} 27. Rxe7 Rfe8 28.
Rbe5 {[%clk 0:00:16]} Rxe7 {[%clk 0:00:09]} 29. Rxe7 {[%clk 0:00:17]} Bf8
{[%clk 0:00:09]} 30. Rd7 {[%clk 0:00:15]} Nxh3 {[%clk 0:00:10]} 31. Nd4
{[%clk 0:00:12]} Rc8 {[%clk 0:00:08]} 32. Rxa7 {[%clk 0:00:11]} Bg7
{[%clk 0:00:08]} 33. Nb5 {[%clk 0:00:06]} Bxb2+ {[%clk 0:00:09]} 34. Kxb2
{[%clk 0:00:07]} Rxc4 {[%clk 0:00:10]} 35. Kb3 {[%clk 0:00:09]} Rg4
{[%clk 0:00:08]} 36. Rb7 {[%clk 0:00:09]} Rxg3+ {[%clk 0:00:09]} 37. Kb4
{[%clk 0:00:10]} Nf4 {[%clk 0:00:09]} 38. Kc4 {[%clk 0:00:09]} Rg2
{[%clk 0:00:07]} 39. a4 {[%clk 0:00:10]} Rg4 {[%clk 0:00:06]} 40. Rxb6 Ne6+
{[%clk 0:00:07]} 41. Kd5 {[%clk 0:00:06]} Rxa4 {[%clk 0:00:08]} 42. Nd6
{[%clk 0:00:05]} Ra5+ {[%clk 0:00:08]} 43. Ke4 {[%clk 0:00:06]} Nc5+
{[%clk 0:00:05]} 44. Kf4 {[%clk 0:00:06]} Ne6+ {[%clk 0:00:06]} 45. Ke4
{[%clk 0:00:08]} Ra7 {[%clk 0:00:05]} 46. Ke5 {[%clk 0:00:07]} Nf8 47. Rb8
{[%clk 0:00:07]} Re7+ {[%clk 0:00:06]} 48. Kf4 {[%clk 0:00:07]} Kg7
{[%clk 0:00:06]} 49. Ne8+ {[%clk 0:00:09]} Kh6 {[%clk 0:00:07]} 50. Nf6
{[%clk 0:00:10]} Nh7 {[%clk 0:00:05]} 51. Ng8+ {[%clk 0:00:10]} 1-0

[Event "Russian Blitz Championship (m)"]
[Site "Sochi"]
[Date "2022.10.14"]
[Round "6.5"]
[White "Tsydypov, Zhamsaran"]
[Black "Obgolts, Erik"]
[Result "1-0"]
[BlackElo "2407"]
[WhiteElo "2598"]
[LiveChessVersion "1.4.8"]

1. e4 {[%clk 0:03:02]} c5 {[%clk 0:03:03]} 2. Nf3 {[%clk 0:03:02]} e6
{[%clk 0:03:03]} 3. d4 {[%clk 0:03:01]} cxd4 {[%clk 0:03:04]} 4. Nxd4
{[%clk 0:03:02]} Nf6 {[%clk 0:03:05]} 5. Nc3 {[%clk 0:03:03]} Nc6
{[%clk 0:03:06]} 6. Nxc6 {[%clk 0:03:00]} bxc6 {[%clk 0:03:07]} 7. e5
{[%clk 0:02:59]} Nd5 {[%clk 0:03:07]} 8. Ne4 {[%clk 0:03:00]} Qc7
{[%clk 0:03:08]} 9. f4 {[%clk 0:03:00]} Qb6 {[%clk 0:03:09]} 10. c4
{[%clk 0:02:42]} Bb4+ {[%clk 0:03:08]} 11. Ke2 {[%clk 0:02:43]} f5
{[%clk 0:03:06]} 12. Nf2 {[%clk 0:02:44]} Ba6 {[%clk 0:03:06]} 13. Kf3
{[%clk 0:02:44]} Ne7 {[%clk 0:03:07]} 14. Be3 {[%clk 0:02:21]} Bc5
{[%clk 0:03:08]} 15. Bxc5 {[%clk 0:02:22]} Qxc5 {[%clk 0:03:09]} 16. Qd6
{[%clk 0:02:16]} Qa5 {[%clk 0:03:10]} 17. Rd1 {[%clk 0:01:45]} Rd8
{[%clk 0:03:09]} 18. a3 {[%clk 0:01:43]} g5 {[%clk 0:02:58]} 19. h4
{[%clk 0:00:53]} gxf4 {[%clk 0:02:37]} 20. h5 {[%clk 0:00:54]} Rg8
{[%clk 0:02:32]} 21. Kxf4 {[%clk 0:00:48]} Qb6 {[%clk 0:02:27]} 22. Rd2
{[%clk 0:00:45]} Kf7 {[%clk 0:01:19]} 23. Rh3 {[%clk 0:00:45]} Rg7
{[%clk 0:01:09]} 24. Rg3 {[%clk 0:00:42]} Rxg3 {[%clk 0:01:07]} 25. Kxg3
{[%clk 0:00:43]} Qe3+ {[%clk 0:01:07]} 26. Kh2 {[%clk 0:00:43]} Rg8
{[%clk 0:01:02]} 27. Qxd7 {[%clk 0:00:38]} Qxe5+ 28. Kg1 Bc8 {[%clk 0:00:32]} 29.
Qxa7 {[%clk 0:00:39]} c5 {[%clk 0:00:33]} 30. Nd3 {[%clk 0:00:32]} Qe3+
{[%clk 0:00:24]} 31. Rf2 {[%clk 0:00:33]} e5 {[%clk 0:00:17]} 32. Qxc5
{[%clk 0:00:34]} Qxc5 {[%clk 0:00:16]} 33. Nxc5 {[%clk 0:00:36]} Rg3
{[%clk 0:00:12]} 34. Rf3 {[%clk 0:00:35]} Rg5 {[%clk 0:00:11]} 35. b4
{[%clk 0:00:37]} Nc6 {[%clk 0:00:08]} 36. b5 {[%clk 0:00:37]} Nd4
{[%clk 0:00:09]} 37. Rf2 {[%clk 0:00:37]} Rg3 {[%clk 0:00:06]} 38. a4
{[%clk 0:00:34]} Ra3 {[%clk 0:00:06]} 39. b6 {[%clk 0:00:34]} Ke7
{[%clk 0:00:07]} 40. Rb2 {[%clk 0:00:34]} Kd6 {[%clk 0:00:07]} 41. b7
{[%clk 0:00:35]} Bxb7 {[%clk 0:00:07]} 42. Nxb7+ {[%clk 0:00:36]} Kc6
{[%clk 0:00:08]} 43. c5 {[%clk 0:00:31]} e4 {[%clk 0:00:04]} 44. Rb6+
{[%clk 0:00:32]} Kc7 {[%clk 0:00:05]} 45. Nd6 {[%clk 0:00:31]} Ra1
{[%clk 0:00:04]} 46. Nb5+ {[%clk 0:00:32]} Nxb5 {[%clk 0:00:05]} 47. axb5
{[%clk 0:00:33]} 1-0

[Event "Russian Blitz Championship (m)"]
[Site "Sochi"]
[Date "2022.10.14"]
[Round "6.6"]
[White "Iljin, Timofey"]
[Black "Grachev, Boris"]
[Result "1/2-1/2"]
[BlackElo "2565"]
[WhiteElo "2404"]
[LiveChessVersion "1.4.8"]

1. d4 {[%clk 0:03:03]} d5 {[%clk 0:03:03]} 2. c4 {[%clk 0:03:04]} e6
{[%clk 0:03:04]} 3. Nc3 {[%clk 0:03:05]} Nf6 {[%clk 0:03:02]} 4. cxd5 exd5
{[%clk 0:03:03]} 5. Bg5 {[%clk 0:03:07]} c6 {[%clk 0:03:04]} 6. e3
{[%clk 0:03:08]} h6 {[%clk 0:03:06]} 7. Bh4 {[%clk 0:03:09]} Be7 {[%clk 0:03:06]}
8. Bd3 {[%clk 0:03:09]} O-O {[%clk 0:03:01]} 9. Qc2 {[%clk 0:03:10]} a5
{[%clk 0:02:59]} 10. Nge2 {[%clk 0:03:10]} Na6 {[%clk 0:02:59]} 11. a3
{[%clk 0:03:11]} Nc7 {[%clk 0:02:59]} 12. O-O {[%clk 0:03:10]} Ne6
{[%clk 0:02:53]} 13. f3 {[%clk 0:03:10]} b5 {[%clk 0:02:50]} 14. Rad1
{[%clk 0:03:00]} Ba6 {[%clk 0:02:28]} 15. Kh1 {[%clk 0:02:47]} b4
{[%clk 0:02:15]} 16. Na4 {[%clk 0:02:47]} Bxd3 {[%clk 0:02:04]} 17. Qxd3
{[%clk 0:02:47]} bxa3 {[%clk 0:01:49]} 18. bxa3 {[%clk 0:02:48]} Qd6
{[%clk 0:01:49]} 19. Ra1 {[%clk 0:02:08]} c5 {[%clk 0:01:50]} 20. Nxc5
{[%clk 0:02:02]} Nxc5 {[%clk 0:01:50]} 21. dxc5 {[%clk 0:02:03]} Qxc5
{[%clk 0:01:52]} 22. Rfc1 {[%clk 0:01:58]} Qa7 {[%clk 0:01:53]} 23. Nd4
{[%clk 0:01:55]} Qa6 {[%clk 0:01:49]} 24. Qxa6 {[%clk 0:01:24]} Rxa6
{[%clk 0:01:50]} 25. a4 {[%clk 0:01:22]} Bb4 {[%clk 0:01:43]} 26. Rc2
{[%clk 0:01:07]} Re8 {[%clk 0:01:41]} 27. Bf2 {[%clk 0:01:05]} Nd7
{[%clk 0:01:35]} 28. Nb5 {[%clk 0:01:03]} Ne5 {[%clk 0:01:11]} 29. Rd1
{[%clk 0:00:55]} Raa8 {[%clk 0:00:47]} 30. Rxd5 {[%clk 0:00:50]} f6
{[%clk 0:00:42]} 31. e4 {[%clk 0:00:47]} Rac8 {[%clk 0:00:43]} 32. Rxc8
{[%clk 0:00:31]} Rxc8 {[%clk 0:00:45]} 33. Rd1 {[%clk 0:00:33]} Rc2
{[%clk 0:00:45]} 34. Bd4 {[%clk 0:00:31]} Ra2 {[%clk 0:00:42]} 35. Ra1
{[%clk 0:00:32]} Rd2 {[%clk 0:00:39]} 36. Bxe5 fxe5 {[%clk 0:00:40]} 37. h3
{[%clk 0:00:23]} h5 {[%clk 0:00:35]} 38. Kh2 {[%clk 0:00:23]} h4 {[%clk 0:00:36]}
39. Kg1 {[%clk 0:00:19]} Bc5+ {[%clk 0:00:37]} 40. Kh1 {[%clk 0:00:20]} Rc2
{[%clk 0:00:30]} 41. Kh2 {[%clk 0:00:19]} Kh7 {[%clk 0:00:30]} 42. Rd1
{[%clk 0:00:15]} Ra2 {[%clk 0:00:23]} 43. Nc3 {[%clk 0:00:16]} Ra3
{[%clk 0:00:23]} 44. Rc1 {[%clk 0:00:08]} Be3 {[%clk 0:00:14]} 45. Rc2
{[%clk 0:00:08]} Ra1 {[%clk 0:00:13]} 46. Ne2 {[%clk 0:00:09]} Rxa4
{[%clk 0:00:12]} 47. Rc3 {[%clk 0:00:09]} Bf2 {[%clk 0:00:10]} 48. Rc2
{[%clk 0:00:06]} Ra1 {[%clk 0:00:10]} 49. g3 {[%clk 0:00:06]} hxg3+
{[%clk 0:00:05]} 50. Nxg3 {[%clk 0:00:08]} Be3 {[%clk 0:00:04]} 51. Nf5
{[%clk 0:00:08]} Bf4+ 52. Kg2 a4 {[%clk 0:00:07]} 53. Rc7 {[%clk 0:00:11]} Ra2+
{[%clk 0:00:06]} 54. Kf1 {[%clk 0:00:12]} Kg6 {[%clk 0:00:03]} 55. Rxg7+
{[%clk 0:00:11]} Kf6 {[%clk 0:00:05]} 56. Ra7 {[%clk 0:00:13]} a3
{[%clk 0:00:05]} 57. h4 {[%clk 0:00:13]} Ra1+ {[%clk 0:00:06]} 58. Kg2
{[%clk 0:00:14]} Ra2+ {[%clk 0:00:07]} 59. Kf1 {[%clk 0:00:15]} Ra1+ 60. Kg2 Ra2+
{[%clk 0:00:07]} 61. Kf1 {[%clk 0:00:18]} 1/2-1/2